| 000 | 00666nam a2200145 a 4500 | ||
|---|---|---|---|
| 008 | 080912s2006 ||||||||||||||||| || u | ||
| 050 | _aUN-ESCWA(02) | ||
| 110 | _aUnited Nations Economic and Social Affairs (UNESA) | ||
| 245 | 1 | 0 |
_aPopulation and development: second issue: the demographic window: an opportunity for......... _cUnited Nations |
| 260 |
_aNew York _bUNITED NATIONS _c2006 |
||
| 300 | _aix, 78p. ill | ||
| 350 | _a0.00 | ||
| 650 | _aPOPULATION AND DEVELOPMENT--STATISTICS | ||
| 995 |
_D0.00 _FCBU-MAIN LIBRARY (Kitwe) _H1 _I0.00 _M1 _UAVAILABLE _WSep 22, 2008 _ZInternational Publications |
||
| 999 |
_c54000 _d54000 |
||